Germany 2026 FIFA World Cup Squad - Statistics

General Stats
  • This quiz has been taken 78 times
  • The average score is 19 of 27
Answer Stats
# Position Player % Correct
© MF Joshua Kimmich
98%
GK Manuel Neuer
98%
MF Jamal Musiala
97%
MF Leon Goretzka
90%
MF Florian Wirtz
88%
DF Nico Schlotterbeck
88%
Manager Julian Nagelsmann
84%
MF Leroy Sané
83%
GK Oliver Baumann
81%
MF Aleksandar Pavlović
79%
DF Antonio Rüdiger
79%
DF Jonathan Tah
79%
MF Kai Havertz
76%
DF David Raum
74%
MF Lennart Karl
66%
FW Nick Woltemade
66%
FW Deniz Undav
64%
GK Alexander Nübel
59%
MF Angelo Stiller
59%
DF Waldemar Anton
55%
MF Pascal Groß
52%
FW Maximilian Beier
50%
DF Malick Thiaw
47%
MF Jamie Leweling
45%
DF Nathaniel Brown
45%
MF Felix Nmecha
43%
MF Nadiem Amiri
33%
No matching quizzes found
Score Distribution
Percent of People with Each Score
Percentile by Number Answered
Your Score History
You have not taken this quiz